| 000 | 00732nam a22002057a 4500 | ||
|---|---|---|---|
| 999 |
_c6316 _d6316 |
||
| 003 | AR-CdUCM | ||
| 008 | 190314b ||||| |||| 00| 0 spa d | ||
| 040 |
_aMUNICIPALIDAD PROVINCIAL DEL CUSCO _cBIBLIOTECA MUNICIPAL DEL CUSCO |
||
| 082 |
_a869.56 / _bP23 |
||
| 100 |
_aPantoja, Mario _96566 |
||
| 245 | _aMemorias del deseo / | ||
| 260 |
_aLima : _bSiete culebras Editores, _c2012. |
||
| 300 |
_a136 paginas; _c19 cm. |
||
| 505 | _aContenido :Tu rosa natural -- Extraviado como Dante -- Palpitación de vocales -- Las piedras o el mar -- Sombra tocable ... | ||
| 650 |
_aPoesÃas peruanas _91481 |
||
| 650 |
_aAmor en la literatura _912863 |
||
| 650 |
_aErotismo en la literatura _914678 |
||
| 942 |
_2ddc _cLIBROS |
||
| 945 | _arum | ||